Normal view
MARC view
- Hepatitis C
Entry Uniform Title
001 - CONTROL NUMBER
- control field: 3235
003 - CONTROL NUMBER IDENTIFIER
- control field: NUST
005 - DATE AND TIME OF LATEST TRANSACTION
- control field: 20170711165745.0
008 - FIXED-LENGTH DATA ELEMENTS
- fixed length control field: 170711|| aca||aabn | a|a d
040 ## - CATALOGING SOURCE
- Original cataloging agency: NUST
- Transcribing agency: NUST
130 ## - HEADING--UNIFORM TITLE
- Uniform title: Hepatitis C
670 ## - SOURCE DATA FOUND
- Source citation: Work cat.: (NUST): Fahed Parvaiz 3233, TH-PHD-Role of Hepatitis-C virus non structural proteins in the induction of insulin resistance, 2014
